Inversos de números naturais positivos - Statistics

Estatísticas Gerais
  • Esse quiz foi jogado 38 vezes
  • A pontuação média é 4 de 33
Estatísticas das Respostas
Hint Resposta % Correto
1 1,000
100%
2 0,500
39%
10 0,100
21%
4 0,250
21%
5 0,200
18%
1000 0,001
12%
500 0,002
12%
100 0,010
12%
40 0,025
12%
3 0,334
12%
300 0,003
9%
200 0,005
9%
50 0,020
9%
20 0,050
9%
8 0,125
9%
6 0,167
9%
30 0,034
6%
12 0,083
6%
9 0,111
6%
90 0,011
3%
80 0,012
3%
70 0,014
3%
60 0,017
3%
25 0,040
3%
19 0,053
3%
18 0,055
3%
17 0,059
3%
16 0,063
3%
15 0,067
3%
14 0,071
3%
13 0,076
3%
11 0,091
3%
7 0,143
3%
Nenhum quiz correspondente encontrado
Distribuição das Pontuações
Porcentagem de Pessoas com Cada Pontuação
Percentil de Números Respondidos
Sua Pontuação Histórica
Você não jogou esse quiz